| 000 | 00607nam a2200181 i 4500 | ||
|---|---|---|---|
| 001 | 70343 | ||
| 003 | ES-MaACL | ||
| 005 | 20230906170807.0 | ||
| 007 | t| | ||
| 008 | 040722s1967 sp |||| | spa d | ||
| 100 | 1 |
_aGarcía Sainz de Baranda, Julián. _955248 |
|
| 245 | 1 | 3 |
_aLa ciudad de Burgos y su concejo en la Edad Media / _cpor Julián García Sainz de Baranda. |
| 260 |
_aBurgos : _bEl Monte Carmelo, _c1967. |
||
| 300 |
_a2 v. ; _c22 cm. |
||
| 505 | 8 |
_aContiene: I ; _tLa ciudad (432 p.) - II ; _tEl concejo (509 p.) |
|
| 651 | 4 |
_aBurgos- _xHistoria- _yS.V-XV. _9156984 |
|
| 852 |
_aES-MaACL _jP-1246 |
||
| 999 |
_c70343 _d70343 |
||